| 000 | 01738cam a2200385 a 4500 | ||
|---|---|---|---|
| 001 | 15199206 | ||
| 003 | OSt | ||
| 005 | 20180117085949.0 | ||
| 008 | 080229s2009 nyu b 001 0 eng | ||
| 010 | _a 2008009267 | ||
| 020 | _a9780415989756 (hardback : alk. paper) | ||
| 020 | _a0415989752 (hardback : alk. paper) | ||
| 020 | _a9780415989763 (pbk. : alk. paper) | ||
| 020 | _a0415989760 (pbk. : alk. paper) | ||
| 020 | _a9780203928912 (ebook) | ||
| 020 | _a0203928911 (ebook) | ||
| 035 | _a(OCoLC)ocn212628054 | ||
| 040 |
_aDLC _cDLC _dBTCTA _dBAKER _dYDXCP _dC#P _dBWX _dCDX _dOCLCQ _dDLC |
||
| 050 | 0 | 0 |
_aP94.6 _b.C372 2009 |
| 082 | 0 | 0 |
_a302.23 _222 |
| 100 | 1 | _aCarey, James W. | |
| 245 | 1 | 0 |
_aCommunication as culture : _bessays on media and society / _cJames W. Carey ; new foreword by G. Stuart Adam. |
| 250 | _aRev. ed. | ||
| 260 |
_aNew York : _bRoutledge, _c2009. |
||
| 300 |
_axxvii, 205 p. ; _c23 cm. |
||
| 504 | _aIncludes bibliographical references (p. [178]-184) and index. | ||
| 650 | 0 | _aMass media and culture. | |
| 650 | 0 |
_aCommunication _xTechnological innovations. |
|
| 856 | 4 | 1 |
_3Table of contents only _uhttp://www.loc.gov/catdir/toc/ecip0812/2008009267.html |
| 906 |
_a7 _bcbc _corignew _d1 _eecip _f20 _gy-gencatlg |
||
| 942 |
_2ddc _cBK |
||
| 999 |
_c2802 _d2802 |
||